|
|
|
|
| LEADER |
00000cam a22000004a 4500 |
| 001 |
musev2_26643 |
| 003 |
MdBmJHUP |
| 005 |
20230905042827.0 |
| 006 |
m o d |
| 007 |
cr||||||||nn|n |
| 008 |
150114s2002 cau o 00 0 eng d |
| 020 |
|
|
|a 9781940729091
|
| 020 |
|
|
|z 9780962886430
|
| 035 |
|
|
|a (OCoLC)899261101
|
| 040 |
|
|
|a MdBmJHUP
|c MdBmJHUP
|
| 100 |
1 |
|
|a Onwueme, Osonye Tess.
|
| 245 |
1 |
4 |
|a Missing Face, The /
|c Osonye Tess Onwueme.
|
| 250 |
|
|
|a New ed.
|
| 264 |
|
1 |
|a San Francisco, CA :
|b African Heritage Press,
|c 2002.
|
| 264 |
|
3 |
|a Baltimore, Md. :
|b Project MUSE,
|c 2015
|
| 264 |
|
4 |
|c ©2002.
|
| 300 |
|
|
|a 1 online resource (76 pages).
|
| 336 |
|
|
|a text
|b txt
|2 rdacontent
|
| 337 |
|
|
|a computer
|b c
|2 rdamedia
|
| 338 |
|
|
|a online resource
|b cr
|2 rdacarrier
|
| 588 |
|
|
|a Description based on print version record.
|
| 650 |
|
7 |
|a Mothers and sons.
|2 fast
|0 (OCoLC)fst01027007
|
| 650 |
|
7 |
|a Americans.
|2 fast
|0 (OCoLC)fst00807488
|
| 650 |
|
7 |
|a African Americans.
|2 fast
|0 (OCoLC)fst00799558
|
| 650 |
|
7 |
|a DRAMA / General
|2 bisacsh
|
| 650 |
|
0 |
|a Mothers and sons
|v Drama.
|
| 650 |
|
0 |
|a African Americans
|v Drama.
|
| 650 |
|
0 |
|a Americans
|z Africa
|v Drama.
|
| 651 |
|
7 |
|a Africa.
|2 fast
|0 (OCoLC)fst01239509
|
| 651 |
|
0 |
|a Africa
|v Drama.
|
| 655 |
|
7 |
|a Drama.
|2 fast
|0 (OCoLC)fst01423879
|
| 655 |
|
7 |
|a Electronic books.
|2 local
|
| 710 |
2 |
|
|a Project Muse.
|e distributor
|
| 830 |
|
0 |
|a Book collections on Project MUSE.
|
| 856 |
4 |
0 |
|z Texto completo
|u https://projectmuse.uam.elogim.com/book/26643/
|
| 945 |
|
|
|a Project MUSE - Custom Collection
|
| 945 |
|
|
|a Project MUSE - Archive Complete Supplement III
|
| 945 |
|
|
|a Project MUSE - Archive Poetry, Fiction and Creative Non-Fiction Supplement III
|
| 945 |
|
|
|a Project MUSE - Archive African Studies Supplement II
|